00738nam a2200253 a 4500001001300000003000900013005001700022008003800039020001000077082002100087100002500108245004600133260001300179300000900192500003500201505001000236650002500246650001900271700002500290902000800315942000700323952013700330999001700467nice12345678IN_TiNIC20260116013559.0050524s1995 a grp 000 0 eng  ac25000a305.6297054bENG aEngineer, Asghar Ali aKerala Muslimsb a Historical Perspective abc1995 a222p aincludes index and biblioraphy2 aIndex aMuslims-India-Kerala aKerala-Muslims1 aEngineer, Asghar Ali bSRS cBK 001040708StackRoom-aHMIbHMId2007-03-28g250.00l3m6o305.6297054 ENGp015799r2022-01-28s2016-04-07v250.00w2005-05-24yBK c11541d11541